[Event "AUTO-ADV-389"]
[Site "http://www.queenalice.com/game.php?id=162495"]
[Date "2007.2.2"]
[Round "1"]
[White "edson_silva"]
[Black "marcosweck"]
[Result "1/2-1/2"]
[WhiteElo "1886"]
[BlackElo "1745"]

1. Nc3 Nf6 2. Nf3 e6 3. e4 d6 4. d4 Be7 5. Bd3 b6 6. d5 exd5 7. Nxd5 Nxd5 8.
exd5 Bg4 9. h3 Bxf3 10. Qxf3 Nd7 11. O-O Ne5 12. Qe2 Nxd3 13. Qxd3 O-O 14. b3 f5
15. Bb2 Bf6 16. Bxf6 Qxf6 17. c4 Rfe8 18. Rfe1 Kf7 19. Kf1 g6 20. a4 a5 21. Rxe8
Rxe8 22. Re1 Rxe1+ 23. Kxe1 Qe5+ 24. Kd2 Qb2+ 25. Ke3 Qe5+ 26. Kf3 Kf6 27. Qe3
g5 1/2-1/2

[Event "AUTO-ADV-389"]
[Site "http://www.queenalice.com/game.php?id=162496"]
[Date "2007.2.2"]
[Round "1"]
[White "marcosweck"]
[Black "edson_silva"]
[Result "0-1"]
[WhiteElo "1686"]
[BlackElo "1869"]

1. e4 e5 2. Nf3 Nc6 3. Bc4 Nf6 4. d3 h6 5. h4 d5 6. exd5 Nxd5 7. Bxd5 Qxd5 8.
Nc3 Bb4 9. Bd2 Bxc3 10. Bxc3 Bg4 11. Qe2 f6 12. Bd2 Nd4 13. Qd1 Nxf3+ 14. gxf3
Bxf3 15. Qc1 Bxh1 16. c4 Qd4 17. Be3 Qxd3 18. Qc3 O-O-O 0-1

[Event "AUTO-ADV-389"]
[Site "http://www.queenalice.com/game.php?id=162497"]
[Date "2007.2.2"]
[Round "1"]
[White "edson_silva"]
[Black "Dinho"]
[Result "1-0"]
[WhiteElo "1880"]
[BlackElo "1670"]

1. Nf3 Nc6 2. e4 a6 3. Nc3 Nf6 4. Bc4 e6 5. d4 d5 6. e5 dxc4 7. exf6 Qxf6 8. d5
Nb4 9. dxe6 Bxe6 10. a3 Nc6 11. O-O Ne5 12. Nxe5 Qxe5 13. g3 Rd8 14. Qf3 b5 15.
Qc6+ Bd7 16. Qxa6 Be7 17. Bf4 Qc5 18. Qb7 Bd6 19. Bxd6 cxd6 20. Qd5 O-O 21. Rfd1
Be6 22. Qxc5 dxc5 23. Nxb5 Bg4 24. Rxd8 Rxd8 25. Re1 Kf8 26. Kg2 Bf5 27. Re2 Be6
28. f3 Rb8 29. a4 Ra8 30. Nc7 Rxa4 31. Nxe6+ fxe6 32. Re4 Kf7 33. b3 Ra2 34.
Rxc4 Ra5 35. f4 Kf6 36. Kf3 Kf5 37. g4+ Kf6 38. Ke4 h6 39. g5+ hxg5 40. fxg5+
Kxg5 41. Ke5 Ra1 42. Kxe6 Re1+ 43. Kf7 g6 44. Rxc5+ Kh6 45. h4 Rh1 46. Rc8 Rf1+
47. Ke6 Re1+ 48. Kf6 Rf1+ 49. Ke5 Re1+ 50. Kf4 Rf1+ 51. Kg3 Rg1+ 52. Kf2 Rg4 53.
c4 Rf4+ 54. Kg3 g5 55. hxg5+ Kxg5 56. Rg8+ 1-0

[Event "AUTO-ADV-389"]
[Site "http://www.queenalice.com/game.php?id=162498"]
[Date "2007.2.2"]
[Round "1"]
[White "Dinho"]
[Black "edson_silva"]
[Result "0-1"]
[WhiteElo "1674"]
[BlackElo "1878"]

1. e4 e5 2. Nf3 Nc6 3. Nc3 d6 4. Bc4 Be6 5. Bxe6 fxe6 6. d4 exd4 7. Nxd4 Nxd4 8.
Qxd4 e5 9. Qd3 Nf6 10. Qb5+ Nd7 11. Qxb7 Nb6 12. h4 Be7 13. Be3 O-O 14. Bxb6
cxb6 15. Nd5 Bxh4 16. g3 Rf7 17. Qc6 Bg5 18. Rh5 h6 19. Qc3 g6 20. Rh1 Qf8 21.
Rf1 Rc8 22. Qd3 h5 23. c3 Qh6 24. Ke2 Rcf8 25. f4 exf4 26. gxf4 Bxf4 27. Nxf4
Rxf4 28. Rxf4 Qxf4 29. Rf1 Qxf1+ 30. Ke3 Rf3+ 0-1

[Event "AUTO-ADV-389"]
[Site "http://www.queenalice.com/game.php?id=162499"]
[Date "2007.2.2"]
[Round "1"]
[White "edson_silva"]
[Black "OrlandoRochaFilho"]
[Result "0-1"]
[WhiteElo "1880"]
[BlackElo "2105"]

1. e4 c5 2. Nf3 d6 3. Bc4 a6 4. d4 cxd4 5. Qxd4 Nc6 6. Qd1 Nf6 7. Nc3 e6 8. Be3
Be7 9. Nd2 O-O 10. O-O b5 11. Bd3 Bb7 12. a3 Ne5 13. Nf3 Nfg4 14. Nxe5 Nxe3 15.
Nxf7 Rxf7 16. fxe3 Rxf1+ 17. Qxf1 Bf6 18. Nd1 Be5 19. c3 Qh4 20. g3 Qh6 21. Qe2
Qg6 22. Nf2 Rf8 23. a4 h5 24. axb5 axb5 25. Bxb5 Bxg3 26. hxg3 Qxg3+ 27. Kf1
Bxe4 28. Ke1 Rf3 29. Kf1 Bf5 30. Ra8+ Kf7 31. Qd2 Bh3+ 32. Ke1 Qg1+ 33. Ke2
Rxf2+ 34. Kd3 Qb1+ 35. Kc4 Rxd2 36. Bc6 Bf1+ 37. Kb4 Qxb2+ 38. Ka5 Qxc3+ 39. Kb6
Rb2+ 40. Kc7 Bg2 41. Kd8 Qxc6 42. Ra7+ Kf6 43. Rc7 Rb8+ 44. Rc8 Rxc8# 0-1

[Event "AUTO-ADV-389"]
[Site "http://www.queenalice.com/game.php?id=162500"]
[Date "2007.2.2"]
[Round "1"]
[White "OrlandoRochaFilho"]
[Black "edson_silva"]
[Result "1-0"]
[WhiteElo "2046"]
[BlackElo "1890"]

1. b3 Nc6 2. Bb2 Nf6 3. Nf3 g6 4. g3 Bg7 5. Bg2 Nh5 6. Bxg7 Nxg7 7. O-O b6 8. d4
Bb7 9. d5 Nb4 10. Qd4 O-O 11. Qxb4 Bxd5 12. Nc3 Bc6 13. Rfd1 d6 14. Qh4 f6 15.
Qc4+ e6 16. Qxc6 a6 17. Nd4 Ra7 18. Qa4 Qe8 19. Qxe8 Rxe8 20. Nc6 Raa8 21. Ne4
Kf7 22. c4 Rh8 23. b4 h5 24. a4 h4 25. g4 f5 26. Nc3 Rac8 27. f3 f4 28. Ne4 Rhe8
29. Nxd6+ cxd6 30. Rxd6 Kf6 31. Rad1 g5 32. Bf1 Rc7 33. b5 axb5 34. axb5 Ra8 35.
Kf2 Ra4 36. e3 Rb7 37. exf4 gxf4 38. Nd4 Ke5 39. Nc6+ Kf6 40. R1d4 Ra2+ 41. Rd2
Ra3 42. Re2 Ra4 43. Nd8 Rb8 44. Nxe6 Nxe6 45. Rexe6+ Kf7 46. Rf6+ Ke7 47. Rh6
Ra2+ 48. Kg1 Ra1 49. Rxb6 Rxb6 50. Rxb6 Ra3 51. Be2 Kd7 52. c5 Ra1+ 53. Kf2 h3
54. c6+ Kc7 55. Rb7+ Kc8 56. b6 Rc1 57. Ba6 Rc2+ 58. Kg1 Rc1+ 59. Kf2 Rc2+ 60.
Ke1 Rxh2 61. Rd7+ Kb8 62. c7+ Ka8 63. Rd8# 1-0

[Event "URBS x PINHAIS"]
[Site "http://www.queenalice.com/game.php?id=169809"]
[Date "2007.2.17"]
[Round "3"]
[White "edson_silva"]
[Black "JulioCG"]
[Result "1-0"]
[WhiteElo "1873"]
[BlackElo "1902"]

1. Nf3 e6 2. e4 d6 3. Nc3 Nc6 4. d4 Nf6 5. Bg5 Be7 6. e5 Nd5 7. Nxd5 exd5 8. Bf4
dxe5 9. Nxe5 Nxe5 10. Bxe5 O-O 11. Bd3 Bf6 12. O-O Bxe5 13. dxe5 Re8 14. Re1 Qg5
15. Qe2 Bh3 16. g3 Re6 17. c4 c6 18. cxd5 cxd5 19. f4 Qe7 20. Rac1 f5 21. Qf3
Rd8 22. Bf1 Bg4 23. Qf2 d4 24. Kg2 d3 25. Qd2 b6 26. h3 Qb7+ 27. Kh2 Bf3 28.
Bxd3 Be4 29. Re3 Qd5 30. Rc3 Rc6 31. Rxc6 Qxc6 32. Bc4+ Bd5 33. Bxd5+ Rxd5 34.
Qe1 Kf7 35. a3 Ke6 36. g4 fxg4 37. hxg4 Qc2+ 38. Re2 Qa4 39. f5+ Kf7 40. e6+ Ke8
41. Re4 Qb3 42. Re2 Qf3 43. Rg2 Rd3 44. Qg3 Qd5 45. Qb8+ Ke7 46. Qxa7+ Kf6 47.
Qf7+ Ke5 48. Qxg7+ Ke4 49. Re2+ Kf3 50. Qe5 Qxe5+ 51. Rxe5 Rd2+ 52. Kh3 Rd1 53.
Kh4 Kf4 54. Re3 Kxe3 55. Kg5 Rd8 56. e7 Re8 57. f6 Ke4 58. f7 Rxe7 59. f8=Q Re5+
60. Kh4 Ke3 61. Qh6+ 1-0

[Event "AUTO-INT-122"]
[Site "http://www.queenalice.com/game.php?id=172103"]
[Date "2007.2.21"]
[Round "2"]
[White "socioa22"]
[Black "edson_silva"]
[Result "0-1"]
[WhiteElo "1788"]
[BlackElo "1901"]

1. e4 e5 2. Nf3 d6 3. Bc4 Nf6 4. Ng5 d5 5. exd5 Nxd5 6. Qf3 Be6 7. Qh5 g6 8. Qf3
c6 9. Nxe6 fxe6 10. Nc3 Bc5 11. d3 Rf8 12. Qe4 Bxf2+ 13. Kd1 Bd4 14. Bh6 Bxc3
15. Bxd5 exd5 16. Qg4 Rf5 17. bxc3 Nd7 18. h4 Qf6 19. Kc1 Rf1+ 20. Rxf1 Qxf1+
21. Kb2 Qf5 22. Qb4 O-O-O 23. d4 Qg4 24. Rf1 Qxh4 25. Be3 Qg3 26. Rf3 Qxg2 27.
Rf7 h5 28. dxe5 Qe4 29. Bd4 c5 30. Bxc5 Qxb4+ 31. Bxb4 Nxe5 32. Rg7 Rd7 33. Rg8+
Kc7 34. Re8 Nc6 35. Re6 Rg7 36. Rd6 Nxb4 37. Rf6 Nc6 38. Kb3 h4 39. Rf4 g5 40.
Rg4 h3 41. Kb2 h2 0-1

[Event "AUTO-INT-122"]
[Site "http://www.queenalice.com/game.php?id=172104"]
[Date "2007.2.21"]
[Round "2"]
[White "edson_silva"]
[Black "socioa22"]
[Result "1-0"]
[WhiteElo "1888"]
[BlackElo "1801"]

1. Nf3 Nf6 2. Nc3 d5 3. d4 c5 4. Bf4 Bf5 5. e3 e6 6. Bb5+ Nc6 7. Ne5 Qb6 8. O-O
Be7 9. b3 O-O 10. Bxc6 bxc6 11. Bg5 Qc7 12. Bf4 Bd6 13. Nd3 Rfd8 14. Bxd6 Qxd6
15. Nxc5 Ng4 16. g3 Qe7 17. Nd3 Qg5 18. Qe2 Qh6 19. f4 f6 20. e4 dxe4 21. Nxe4
Qh3 22. Nec5 Rxd4 23. Rad1 Be4 24. Rd2 Bd5 25. c3 Rxd3 26. Rxd3 Rf8 27. c4 e5
28. cxd5 cxd5 29. Rxd5 exf4 30. Rxf4 f5 31. Rdxf5 Rxf5 32. Qe8+ 1-0

[Event "Bola100 Tourney"]
[Site "http://www.queenalice.com/game.php?id=223671"]
[Date "2007.6.11"]
[Round "1"]
[White "Alcar"]
[Black "edson_silva"]
[Result "0-1"]
[WhiteElo "1702"]
[BlackElo "1886"]

1. d4 d5 2. c4 Nf6 3. Nc3 Nc6 4. Nf3 Bf5 5. e3 e6 6. cxd5 Nxd5 7. Bd3 Bb4 8.
Bxf5 Nxc3 9. bxc3 Bxc3+ 10. Bd2 Bxd2+ 11. Qxd2 exf5 12. O-O O-O 13. Rad1 Qd5 14.
a3 h6 15. Qd3 Rfe8 16. h3 g6 17. Rde1 a6 18. Rc1 Kg7 19. Rc5 Qe4 20. Qxe4 fxe4
21. Nd2 Re7 22. Re1 Rd8 23. f3 exf3 24. Nxf3 Rde8 25. Kf2 Na7 26. Ne5 Nb5 27. a4
Nd6 28. Kf3 f6 29. Nc4 Nf5 30. g4 Nxd4+ 31. Kf2 Nb3 32. Rd5 c6 33. Rd3 Nc5 34.
Ra3 b5 35. axb5 axb5 36. Na5 b4 37. Raa1 Nd3+ 38. Kf3 Nxe1+ 39. Rxe1 c5 40. Nc4
b3 41. Nb2 Re4 42. Nd3 c4 43. Nc5 Rxe3+ 44. Rxe3 Rxe3+ 45. Kxe3 b2 0-1

[Event "QA-ANNIV-03"]
[Site "http://www.queenalice.com/game.php?id=225724"]
[Date "2007.6.15"]
[Round "1"]
[White "Ruan"]
[Black "edson_silva"]
[Result "1-0"]
[WhiteElo "1674"]
[BlackElo "1912"]

1. e4 e5 2. Nf3 Bc5 3. Bc4 d6 4. c3 Be6 5. Bxe6 fxe6 6. O-O Nf6 7. d3 Nc6 8. b4
Bb6 9. a4 a6 10. a5 Ba7 11. Ng5 1-0

[Event "Bola100 Tourney"]
[Site "http://www.queenalice.com/game.php?id=281168"]
[Date "2007.10.4"]
[Round "2"]
[White "edson_silva"]
[Black "luiz_renato"]
[Result "1-0"]
[WhiteElo "1895"]
[BlackElo "1246"]

1. Nf3 d6 2. e4 Nf6 3. Nc3 g6 4. Bc4 Bg7 5. O-O O-O 6. d4 Bg4 7. h3 Bxf3 8. Qxf3
Nc6 9. Ne2 e5 10. d5 Ne7 11. Nc3 Nd7 12. Bd3 f5 13. h4 Nc5 14. Qe2 fxe4 15. Bxe4
Nxe4 16. Qxe4 Nf5 17. g3 Nd4 18. Ne2 Nf3+ 19. Kg2 c6 20. dxc6 d5 21. Qd3 bxc6
22. c3 e4 23. Qc2 Qd6 24. Be3 c5 25. Rad1 Rad8 26. b4 cxb4 27. cxb4 Qxb4 28. Bc5
Qb7 29. Bxf8 Rxf8 30. Rb1 Qa8 31. Qc7 Nd2 32. Rb7 Qxb7 33. Qxb7 Nxf1 34. Qxd5+
Kh8 35. Kxf1 e3 36. Nf4 exf2 37. Kxf2 h6 38. Kg2 Kh7 39. Qe4 Rf6 40. h5 Kg8 41.
Nxg6 Rb6 42. Qe8+ Kh7 43. Ne7 1-0

[Event "Bola100 Tourney"]
[Site "http://www.queenalice.com/game.php?id=318814"]
[Date "2007.12.12"]
[Round "3"]
[White "davividal"]
[Black "edson_silva"]
[Result "0-1"]
[WhiteElo "1865"]
[BlackElo "1897"]

1. c4 Nf6 2. Nc3 g6 3. g3 Bg7 4. Bg2 c6 5. d3 d5 6. e3 dxc4 7. dxc4 O-O 8. Nge2
Qxd1+ 9. Kxd1 Ng4 10. Ke1 Be6 11. h3 Ne5 12. b3 Na6 13. Kd2 Nb4 14. a3 Rad8+ 15.
Nd4 Nbd3 16. Nxe6 Nxc1+ 17. Nxd8 Nxb3+ 18. Ke2 Nxa1 19. Nxb7 Nc2 20. Rc1 Nxa3
21. Na2 Nexc4 22. Bxc6 Rc8 23. Bd5 Nb6 24. Rxc8+ Nxc8 25. Nb4 e6 26. Be4 Nb5 27.
Nc5 Nc3+ 28. Kd3 Nxe4 29. Kxe4 f5+ 30. Kd3 Kf7 31. Nc6 Bf8 32. Nb3 Ke8 33. Nbd4
Kd7 34. Kc4 Nd6+ 35. Kd3 Ne4 36. Ke2 Bc5 37. Ne5+ Kd6 38. Ndf3 Bb4 39. Nd3 a5
40. Nd4 e5 41. Nc2 Bc3 42. g4 Nc5 43. Nc1 a4 44. Na2 Bb2 45. f4 Ne4 46. Ncb4
Nc3+ 47. Nxc3 Bxc3 48. Na2 Bb2 49. Kf3 e4+ 50. Ke2 Kc5 51. Kd2 Kc4 52. Kc2 Ba3
53. g5 Bc5 54. Nc3 a3 0-1

[Event "Bola100 Tourney"]
[Site "http://www.queenalice.com/game.php?id=357536"]
[Date "2008.2.20"]
[Round "4"]
[White "edson_silva"]
[Black "marcosweck"]
[Result "1-0"]
[WhiteElo "1912"]
[BlackElo "1888"]

1. Nf3 Nf6 2. Nc3 d5 3. d4 e6 4. g3 h6 5. Bg2 Bd6 6. O-O a6 7. Ne5 Nbd7 8. f4 c5
9. e3 c4 10. b3 b5 11. bxc4 bxc4 12. Nxc4 Bb4 13. Ne2 Rb8 14. Ne5 Ne4 15. Nc6
Nc3 16. Nxc3 Qb6 17. Nxb8 Bxc3 18. Nxd7 Bxd7 19. Bd2 Bxa1 20. Qxa1 O-O 21. Rc1
Rc8 22. a3 Ba4 23. c3 Rb8 24. Kf2 f5 25. h3 Qd6 26. c4 dxc4 27. Rxc4 Bc6 28.
Rxc6 1-0

[Event "Proge-Pinhais"]
[Site "http://www.queenalice.com/game.php?id=362184"]
[Date "2008.2.27"]
[Round "-"]
[White "Ernani"]
[Black "edson_silva"]
[Result "0-1"]
[WhiteElo "2000"]
[BlackElo "1927"]

1. e4 e5 2. f4 Nf6 3. Nc3 Nc6 4. Nf3 exf4 5. d4 d5 6. Bxf4 dxe4 7. Ng5 Nd5 8.
Nxd5 Qxd5 9. c4 Qxd4 10. b3 Bb4+ 11. Bd2 Bxd2+ 0-1

[Event "Edson x Julio"]
[Site "http://www.queenalice.com/game.php?id=377653"]
[Date "2008.3.26"]
[Round "-"]
[White "JulioCG"]
[Black "edson_silva"]
[Result "1-0"]
[WhiteElo "1985"]
[BlackElo "1956"]

1. e4 e5 2. Nf3 Nc6 3. d4 exd4 4. Nxd4 Nf6 5. Nxc6 dxc6 6. Nc3 Qxd1+ 7. Kxd1 Bc5
8. Bc4 O-O 9. f3 b5 10. Bb3 a5 11. a3 Rd8+ 12. Ke2 a4 13. Ba2 Ba6 14. Ke1 Bb6
15. g4 h6 16. Ne2 c5 17. Nf4 Bb7 18. Be3 Ba5+ 19. Kf2 Bd2 20. Rad1 Bxe3+ 21.
Kxe3 c4 22. Bb1 Re8 23. c3 g5 24. Ne2 h5 25. gxh5 Nxh5 26. Rhg1 f6 27. h4 Kf7
28. hxg5 f5 29. g6+ Kf6 30. Rd7 fxe4 31. Rf7+ Ke6 32. Bxe4 Bxe4 33. fxe4 Re7 34.
Nd4+ Kd7 35. Rxe7+ Kxe7 36. Rg5 Ng7 37. Rxb5 Kf6 38. Nc6 Kxg6 39. Rc5 Kf6 40.
Rxc4 Ke6 41. Rb4 Kd6 42. Rc4 Ra6 43. Nb4 Rb6 44. Rd4+ Ke5 45. Rd5+ Ke6 46. Kd4
c6 47. Rc5 Kd6 48. e5+ Kd7 49. Ra5 Ne6+ 50. Kc4 Nd8 51. Rxa4 Ke6 52. Ra6 Rb7 53.
b3 Kxe5 54. Nxc6+ Nxc6 55. Rxc6 Rb8 56. a4 Rh8 57. b4 1-0

[Event "AUTO-ADV-858"]
[Site "http://www.queenalice.com/game.php?id=380736"]
[Date "2008.4.2"]
[Round "1"]
[White "edson_silva"]
[Black "reijf_Dornelas"]
[Result "1-0"]
[WhiteElo "1946"]
[BlackElo "1692"]

1. Nf3 e6 2. Nc3 d5 3. d4 Nf6 4. Bf4 a6 5. e3 Bb4 6. a3 Bxc3+ 7. bxc3 Ne4 8. c4
Nc6 9. c5 h6 10. Ne5 Nxe5 11. Bxe5 f6 12. Bg3 1-0

[Event "AUTO-ADV-858"]
[Site "http://www.queenalice.com/game.php?id=380737"]
[Date "2008.4.2"]
[Round "1"]
[White "reijf_Dornelas"]
[Black "edson_silva"]
[Result "0-1"]
[WhiteElo "1686"]
[BlackElo "1952"]

1. e4 e5 2. Nf3 Nc6 3. Bc4 d6 4. h3 Be6 5. Bxe6 fxe6 6. d3 Nf6 7. Nh2 d5 8. Ng4
dxe4 9. Nxf6+ Qxf6 10. dxe4 Bc5 11. O-O O-O 0-1

[Event "AUTO-ADV-858"]
[Site "http://www.queenalice.com/game.php?id=380738"]
[Date "2008.4.2"]
[Round "1"]
[White "edson_silva"]
[Black "Ernani"]
[Result "0-1"]
[WhiteElo "1969"]
[BlackElo "2036"]

1. Nc3 e5 2. e4 Nc6 3. Bc4 Nf6 4. d3 Bc5 5. Be3 Bb6 6. Nd5 Bxe3 7. Nxe3 d6 8.
Nf3 Be6 9. O-O Na5 10. Bb3 Nxb3 11. axb3 O-O 12. Ng5 Qd7 13. Nxe6 Qxe6 14. f4
exf4 15. Rxf4 Qe5 16. Rf5 Qxb2 17. Nd5 Qd4+ 18. Kh1 Nxd5 19. Rxd5 Qf6 20. h3 c6
21. Rf5 Qd4 22. Ra4 Qe3 23. e5 Qc5 24. Rc4 Qa3 25. exd6 Qxd6 26. Qg4 Rae8 27.
Re4 Re6 28. Rxe6 Qxe6 29. Rf4 Qxg4 30. Rxg4 Re8 31. Kg1 g6 32. Kf2 Kg7 33. c4 c5
34. Rg5 b6 35. Rd5 Re6 36. g4 Rf6+ 37. Ke2 Re6+ 38. Kf2 Kf6 0-1

[Event "AUTO-ADV-858"]
[Site "http://www.queenalice.com/game.php?id=380739"]
[Date "2008.4.2"]
[Round "1"]
[White "Ernani"]
[Black "edson_silva"]
[Result "1-0"]
[WhiteElo "2067"]
[BlackElo "1982"]

1. e4 e5 2. Nc3 Nf6 3. Bc4 Nc6 4. d3 Bc5 5. Be3 d6 6. Bxc5 dxc5 7. h3 Nd4 8. Nf3
Be6 9. Bxe6 Nxe6 10. Nxe5 O-O 11. Nf3 c6 12. Qe2 Nd4 13. Nxd4 cxd4 14. Nd1 b5
15. f4 a5 16. c3 Re8 17. O-O c5 18. e5 Kh8 19. Rc1 Ng8 20. cxd4 Qxd4+ 21. Qf2
Qxd3 22. Rxc5 f6 23. Re1 fxe5 24. Rcxe5 Nf6 25. Qe3 Qc4 26. Rxe8+ Nxe8 27. Qxe8+
Qg8 28. Qxb5 h6 29. a4 g5 30. Re7 Qb8 31. Rb7 Qxf4 32. Qd3 Kg8 33. Qh7+ Kf8 34.
Qxh6+ Ke8 35. Qg6+ Kd8 36. Qg8+ 1-0

[Event "AUTO-ADV-858"]
[Site "http://www.queenalice.com/game.php?id=380740"]
[Date "2008.4.2"]
[Round "1"]
[White "edson_silva"]
[Black "Augustodombosco"]
[Result "1-0"]
[WhiteElo "1971"]
[BlackElo "1856"]

1. Nf3 d5 2. d4 Nf6 3. g3 c5 4. Bg2 cxd4 5. Nxd4 e5 6. Nb3 Be6 7. O-O Nc6 8. Nc3
Bb4 9. Bd2 Qd7 10. a3 Bd6 11. Bg5 O-O-O 12. Nxd5 Bxd5 13. Bxd5 Bxa3 14. Rxa3
Nxd5 15. Bxd8 Rxd8 16. e3 Qf5 17. Qe2 Ndb4 18. c3 Nd3 19. Nc1 e4 20. Kg2 a6 21.
Rd1 Nce5 22. Nxd3 exd3 23. Qf1 Nf3 24. c4 d2 25. Qe2 g5 26. Qxf3 Qc2 27. b3 Qb2
28. Qf5+ Kb8 29. Qa5 Qc2 30. Qxd8+ 1-0

[Event "AUTO-ADV-858"]
[Site "http://www.queenalice.com/game.php?id=380741"]
[Date "2008.4.2"]
[Round "1"]
[White "Augustodombosco"]
[Black "edson_silva"]
[Result "0-1"]
[WhiteElo "1896"]
[BlackElo "1957"]

1. d4 d5 2. c4 Nf6 3. cxd5 Qxd5 4. Nc3 Qd8 5. e4 e6 6. Bg5 h6 7. Bh4 Be7 8. f4
Nc6 9. Nf3 Nxe4 10. Nxe4 Bxh4+ 11. g3 Bf6 12. Nxf6+ Qxf6 13. Bb5 Bd7 14. O-O a6
15. Be2 O-O 16. d5 exd5 17. Qxd5 Be6 18. Qd2 Rfd8 19. Qc2 Nd4 20. Nxd4 Qxd4+ 21.
Kh1 Bh3 22. Rfd1 Qf2 23. Qe4 Re8 24. Qf3 Rxe2 0-1